<?xml version="1.0" encoding="UTF-8"?><?xml-stylesheet type="text/xsl" href="static/style.xsl"?><OAI-PMH xmlns="http://www.openarchives.org/OAI/2.0/" xmlns:xsi="http://www.w3.org/2001/XMLSchema-instance" xsi:schemaLocation="http://www.openarchives.org/OAI/2.0/ http://www.openarchives.org/OAI/2.0/OAI-PMH.xsd"><responseDate>2026-06-01T18:44:48Z</responseDate><request verb="GetRecord" identifier="oai:riuma.uma.es:10630/27032" metadataPrefix="marc">https://riuma.uma.es/rest/oai/request</request><GetRecord><record><header><identifier>oai:riuma.uma.es:10630/27032</identifier><datestamp>2026-02-03T11:33:30Z</datestamp><setSpec>com_10630_2254</setSpec><setSpec>col_10630_37953</setSpec></header><metadata><record xmlns="http://www.loc.gov/MARC21/slim" xmlns:dcterms="http://purl.org/dc/terms/" xmlns:doc="http://www.lyncode.com/xoai" xmlns:xsi="http://www.w3.org/2001/XMLSchema-instance" xsi:schemaLocation="http://www.loc.gov/MARC21/slim http://www.loc.gov/standards/marcxml/schema/MARC21slim.xsd">
   <leader>00925njm 22002777a 4500</leader>
   <datafield ind2=" " ind1=" " tag="042">
      <subfield code="a">dc</subfield>
   </datafield>
   <datafield ind2=" " ind1=" " tag="720">
      <subfield code="a">Png-Gonzalez, Lydia</subfield>
      <subfield code="e">author</subfield>
   </datafield>
   <datafield ind2=" " ind1=" " tag="720">
      <subfield code="a">Comas-González, Robert</subfield>
      <subfield code="e">author</subfield>
   </datafield>
   <datafield ind2=" " ind1=" " tag="720">
      <subfield code="a">Calvo-Manazza, Matías</subfield>
      <subfield code="e">author</subfield>
   </datafield>
   <datafield ind2=" " ind1=" " tag="720">
      <subfield code="a">Follana-Berná, Guillermo</subfield>
      <subfield code="e">author</subfield>
   </datafield>
   <datafield ind2=" " ind1=" " tag="720">
      <subfield code="a">Ballesteros, Enric</subfield>
      <subfield code="e">author</subfield>
   </datafield>
   <datafield ind2=" " ind1=" " tag="720">
      <subfield code="a">Díaz-Tapia, Pilar</subfield>
      <subfield code="e">author</subfield>
   </datafield>
   <datafield ind2=" " ind1=" " tag="720">
      <subfield code="a">M. Falcón, Jesús</subfield>
      <subfield code="e">author</subfield>
   </datafield>
   <datafield ind2=" " ind1=" " tag="720">
      <subfield code="a">García-Raso, José Enrique</subfield>
      <subfield code="e">author</subfield>
   </datafield>
   <datafield ind2=" " ind1=" " tag="720">
      <subfield code="a">Gofas, Serge</subfield>
      <subfield code="e">author</subfield>
   </datafield>
   <datafield ind2=" " ind1=" " tag="720">
      <subfield code="a">González-Porto, Marcos</subfield>
      <subfield code="e">author</subfield>
   </datafield>
   <datafield ind2=" " ind1=" " tag="720">
      <subfield code="a">López, Eduardo</subfield>
      <subfield code="e">author</subfield>
   </datafield>
   <datafield ind2=" " ind1=" " tag="720">
      <subfield code="a">Ramos-Esplá, Alfonso A.</subfield>
      <subfield code="e">author</subfield>
   </datafield>
   <datafield ind2=" " ind1=" " tag="720">
      <subfield code="a">Velasco, Eva</subfield>
      <subfield code="e">author</subfield>
   </datafield>
   <datafield ind2=" " ind1=" " tag="720">
      <subfield code="a">Carbonell, Aina</subfield>
      <subfield code="e">author</subfield>
   </datafield>
   <datafield ind2=" " ind1=" " tag="260">
      <subfield code="c">2023-05-05</subfield>
   </datafield>
   <datafield ind2=" " ind1=" " tag="520">
      <subfield code="a">The introduction of new non-indigenous species (NIS) in Spanish marine waters is addressed under Descriptor 2 of the European Union’s Marine Strategy Framework Directive. National baseline inventories of NIS have been compiled and updated for the three subregions (Western Mediterranean Sea, WMED; Bay of Biscay–Iberian Coast, ABI; Macaronesia, AMA) with data from 1800 to 2021. An overall of 574 species were identified with an alien, cryptogenic, crypto-expanding, or debatable status, mostly invertebrates (~65%) and primary producers (~22%). Of 412 alien species, 80.51% were reported in ABI, 67.82% in WMED, and 66.67% in AMA. Cryptogenic species are more abundant in the WMED (25.25%), compared to AMA (19.77%) and ABI (18.46%). ABI harbors more established species (62.56%) than AMA (45.2%) and WMED (43.56%), contrary to casual records (AMA 31.64%, WMED 23.76%, ABI 13.85%). Invasive species are more abundant (14.36%) in WMED. The ‘transport-stowaway’ pathway accounted for 142 (79.33%), 123 (67.58%), and 169 (85.21%) records in WMED, ABI, and AMA, respectively. The second most common pathway was ‘transport-contaminant’ related to mariculture (~10% of the total), prevalently in ABI with 42 species (23.08%). The Canary Islands stand out for species introduced through oil platforms from throughout the world. ‘Unaided’ was a relevant pathway of secondary introduction into the WMED, particularly of Lessepsian species progressing westwards. Temporal trends in newly introduced species show similar behavior among subregions.</subfield>
   </datafield>
   <datafield ind1="8" ind2=" " tag="024">
      <subfield code="a">Png-Gonzalez L, Comas-González R, Calvo-Manazza M, Follana-Berná G, Ballesteros E, Díaz-Tapia P, Falcón JM, García Raso JE, Gofas S, González-Porto M, et al. Updating the National Baseline of Non-Indigenous Species in Spanish Marine Waters. Diversity. 2023; 15(5):630. https://doi.org/10.3390/d15050630</subfield>
   </datafield>
   <datafield ind1="8" ind2=" " tag="024">
      <subfield code="a">https://hdl.handle.net/10630/27032</subfield>
   </datafield>
   <datafield ind1="8" ind2=" " tag="024">
      <subfield code="a">10.3390/d15050630</subfield>
   </datafield>
   <datafield tag="653" ind2=" " ind1=" ">
      <subfield code="a">Fauna marina - España</subfield>
   </datafield>
   <datafield tag="653" ind2=" " ind1=" ">
      <subfield code="a">Biología Marina - España</subfield>
   </datafield>
   <datafield tag="653" ind2=" " ind1=" ">
      <subfield code="a">Especies exóticas invasoras - España</subfield>
   </datafield>
   <datafield ind2="0" ind1="0" tag="245">
      <subfield code="a">Updating the national baseline of non-indigenous species in Spanish marine waters</subfield>
   </datafield>
</record>
</metadata></record></GetRecord></OAI-PMH>